|
|
|
|
| LEADER |
00000nmm a2200000 a 4500 |
| 001 |
vtls001475928 |
| 003 |
SK-MaSNL |
| 005 |
20260301104507.0 |
| 008 |
251117s2003 xo da 0 slo |
| 015 |
|
|
|a SNBS2004/03-01020
|
| 020 |
|
|
|a 8070998857
|
| 035 |
|
|
|a SNK000431229
|
| 040 |
|
|
|a SNK
|b slo
|c SNK
|e AACR2
|
| 044 |
|
|
|a xo
|c SK
|
| 072 |
|
7 |
|a 330.5+338
|x Národné hospodárstvo a hospodárska politika
|2 konspekt
|
| 080 |
|
|
|a 330.5+338
|2 1981
|
| 080 |
|
|
|a (0.034.44)
|2 1981
|
| 080 |
|
|
|a 330.5+338(437.6)(0.034)
|2 2. slo
|
| 080 |
|
|
|a 338
|2 2. slo
|
| 100 |
1 |
|
|a Vítko, Dušan
|4 aut
|9 10638
|
| 245 |
1 |
|
|a Národné hospodárstvo
|h elektronický zdroj
|c Dušan Vitko
|
| 256 |
|
|
|a Elektronické dokumenty
|
| 260 |
|
|
|a V Košiciach
|b Inštitút celoživotného vzdelávania TU
|c 2003
|
| 300 |
|
|
|a 1 elektronický optický disk (CD-ROM)
|c 12 cm
|
| 650 |
0 |
7 |
|a národné hospodárstvo
|2 SNK
|9 846
|
| 650 |
0 |
7 |
|a hospodárstvo národné
|x dokumenty elektronické
|2 SNK
|9 443321
|
| 655 |
|
7 |
|a elektronické dokumenty
|2 SNK
|9 70518
|
| 655 |
|
7 |
|a učebnice
|2 SNK
|9 22521
|
| 655 |
|
7 |
|a CD-ROM
|2 SNK
|9 70236
|
| 752 |
|
|
|d Košice
|
| 919 |
|
|
|a 80-7099-885-7
|
| 999 |
|
|
|c 698261
|d 700191
|
| 952 |
|
|
|t P60, <03>, [AUDIO], {603}
|a SNK
|b SNK
|y PREZ
|7 0
|p 17A0429754
|o snkSCDM 465
|i snkJK 271/2004
|0 0
|1 0
|4 0
|d 2004-06-02
|l 0
|r 2005-01-02 00:00:00
|w 2026-02-23
|